|
|
|
|
| LEADER |
01221nam a22003374a 4500 |
| 001 |
36020 |
| 003 |
BD-DhAAL |
| 005 |
20211129154623.0 |
| 008 |
190922t2000 dcu b 001 0 eng d |
| 999 |
|
|
|c 41350
|d 41350
|
| 010 |
|
|
|a 00026375
|
| 020 |
|
|
|a 1557664579
|
| 020 |
|
|
|a 9781557664570
|
| 040 |
|
|
|a DLC
|c DLC
|d DLC
|d BD-DhAAL
|
| 042 |
|
|
|a pcc
|
| 050 |
0 |
0 |
|a HQ778.5
|b .I523 2000
|
| 082 |
0 |
0 |
|a 362.7
|2 21
|
| 245 |
0 |
0 |
|a Infants and toddlers in out-of-home care /
|c edited by Debby Cryer and Thelma Harms.
|
| 260 |
|
|
|a Baltimore :
|b P. Brookes,
|c c2000.
|
| 300 |
|
|
|a xvii, 376 pages ;
|c 23 cm.
|
| 504 |
|
|
|a Includes bibliographical references and index.
|
| 526 |
|
|
|a BIED
|
| 541 |
|
|
|a Complimentary copy from BIED
|e 36020
|
| 650 |
|
0 |
|a Child care.
|9 35055
|
| 650 |
|
0 |
|a Child development.
|9 35056
|
| 650 |
|
0 |
|a Child care services.
|9 35057
|
| 700 |
1 |
|
|a Cryer, Debby.
|9 35058
|
| 700 |
1 |
|
|a Harms, Thelma.
|9 35059
|
| 852 |
|
|
|a Ayesha Abed Library
|c BIED Collection
|
| 942 |
|
|
|2 ddc
|c BK
|
| 952 |
|
|
|0 0
|1 0
|2 ddc
|4 0
|6 362_700000000000000_INF
|7 0
|9 66452
|a BRACUL
|b BRACUL
|c GEN
|d 2019-09-22
|e Complimentary copy from BIED
|l 1
|o 362.7 INF
|p 3010036020
|r 2025-11-16
|s 2025-11-10
|t 1
|w 2019-09-22
|y BK
|x Transferred from BIED to General Stacks
|